000 00532nam a2200169Ia 4500
008 110201s9999 xx 000 0 und d
082 _bB7905
_aS 1290
100 _aअत्रे प्रभा
245 _aसुस्वराली
260 _bबुकमार्क पब्लिकेशन्स
365 _b200
600 _aअत्रे प्रभा
630 _aसुस्वराली
700 _aअत्रे प्रभा
730 _aसुस्वराली
942 _cBOOK
999 _c833407
_d833404